A guide to graphic print production

Bibliographic Details
Main Author: Johansson, Kaj
Other Authors: Lundberg, Peter, Ryberg, Robertb
Format: Book
Published: Hoboken : John Wiley , 2007
Edition:2nd.ed.
Subjects:

MARC

LEADER 00000cam a2200000 7i4500
001 0000021518
005 20080516.0
008 071205
020 |a 9780471761389 
040 |a INS 
090 0 0 |a Z249.3   |b J64 2003 
100 1 |a Johansson, Kaj 
245 1 2 |a A guide to graphic print production   |c Kaj Johansson, Peter Lundberg, Robert Ryberg 
250 |a 2nd.ed. 
260 |a Hoboken :   |b John Wiley ,   |c 2007 
300 |a 453p. :   |b ill.col. ;   |c 26cm. 
500 |a Includes bibliographical references and index 
650 0 0 |a Graphic design (Typography)   |x Data processing   |x Handbooks, manuals, etc. 
650 0 0 |a Printing   |x Data processing   |x Handbooks, manuals, etc. 
700 1 |a Lundberg, Peter 
700 1 |a Ryberg, Robertb 
999 |a 0000019966   |b BOOK   |c Open Shelf   |e Default branch